Advanced Inorganic Chemistry (Record no. 79108)

MARC details
000 -LEADER
fixed length control field 00418nam a2200145Ia 4500
008 - FIXED-LENGTH DATA ELEMENTS--GENERAL INFORMATION
fixed length control field 211109s9999||||xx |||||||||||||| ||und||
082 ## - DEWEY DECIMAL CLASSIFICATION NUMBER
Classification number 546
Item number PRA-A
100 ## - MAIN ENTRY--PERSONAL NAME
Personal name Prakash, Satya
245 #0 - TITLE STATEMENT
Title Advanced Inorganic Chemistry
260 ## - PUBLICATION, DISTRIBUTION, ETC.
Name of publisher, distributor, etc. Coles Publishing
Place of publication, distribution, etc. London
Date of publication, distribution, etc. 1969
300 ## - PHYSICAL DESCRIPTION
Extent 864p.
630 ## - SUBJECT ADDED ENTRY--UNIFORM TITLE
General subdivision general stack
650 ## - SUBJECT ADDED ENTRY--TOPICAL TERM
Topical term or geographic name entry element science
942 ## - ADDED ENTRY ELEMENTS (KOHA)
Koha item type BOOK
650 ## - SUBJECT ADDED ENTRY--TOPICAL TERM
Form subdivision natural science and mathematics
General subdivision inorganic chemistryChemistry
Holdings
Withdrawn status Lost status Damaged status Not for loan Home library Current library Date acquired Cost, normal purchase price Total Checkouts Full call number Barcode Shelving location Date last seen Price effective from Koha item type
        SB LIBRARY SB LIBRARY 09/11/2021 13.00   546 PRA-A 00063735 GENERAL STACK 09/11/2021 09/11/2021 BOOK

Powered by Koha